000 00467nam a2200181Ia 4500
005 20250423101326.0
008 250422s9999 xx 000 0 und d
020 _a9781119473596
050 _aQH 541.5 .S3 .K46/
100 _aKent, Michael
245 4 _aThe marine environment and biodiversity
260 _aOxford
260 _bOxford University Press
260 _c2023
300 _a198 p
650 _a Marine ecology. Marine biodiversity.
942 _cBK
999 _c35977
_d35977